<?xml version="1.0" encoding="UTF-8"?>
<record
    xmlns:xsi="http://www.w3.org/2001/XMLSchema-instance"
    xsi:schemaLocation="http://www.loc.gov/MARC21/slim http://www.loc.gov/standards/marcxml/schema/MARC21slim.xsd"
    xmlns="http://www.loc.gov/MARC21/slim">

  <leader>01848nas a2200277Ia 4500</leader>
  <controlfield tag="001">R050-S3694</controlfield>
  <controlfield tag="003">IT-CnALBA</controlfield>
  <controlfield tag="008">170116c99999999xx ||||||||||||   ||und||</controlfield>
  <datafield tag="040" ind1=" " ind2=" ">
    <subfield code="a">IT-CnALBA</subfield>
    <subfield code="c">IT-CnALBA</subfield>
  </datafield>
  <datafield tag="041" ind1=" " ind2=" ">
    <subfield code="a">ITALIANO</subfield>
  </datafield>
  <datafield tag="100" ind1=" " ind2=" ">
    <subfield code="a">TETI GIOVANNA</subfield>
  </datafield>
  <datafield tag="210" ind1=" " ind2=" ">
    <subfield code="a">VIA VERIT&#xC0; E VITA</subfield>
  </datafield>
  <datafield tag="222" ind1=" " ind2=" ">
    <subfield code="a">VIA VERIT&#xC0; E VITA</subfield>
  </datafield>
  <datafield tag="245" ind1=" " ind2="0">
    <subfield code="a">VIA VERIT&#xC0; E VITA. MAGGIO GIUGNO 2000. RIVISTA MONOGRAFICA APPROFONDIMENTO PASTORALE CATECHISTICO. </subfield>
  </datafield>
  <datafield tag="250" ind1=" " ind2=" ">
    <subfield code="a">1a ed.</subfield>
  </datafield>
  <datafield tag="260" ind1=" " ind2=" ">
    <subfield code="a"> ROMA</subfield>
    <subfield code="b">CENTRO CATECHISTICO PAOLINO </subfield>
    <subfield code="c">2000 [1&#xB0; Ed.:2000 - Ed.Ling.Originale: 2000]</subfield>
  </datafield>
  <datafield tag="300" ind1=" " ind2=" ">
    <subfield code="a">80 p. </subfield>
  </datafield>
  <datafield tag="310" ind1=" " ind2=" ">
    <subfield code="a">BIMESTRALE</subfield>
  </datafield>
  <datafield tag="362" ind1=" " ind2=" ">
    <subfield code="a">Fascicolo: 178 / Anno: 49 (2000)</subfield>
  </datafield>
  <datafield tag="500" ind1=" " ind2=" ">
    <subfield code="a">LODE TRINIT&#xC0; NELLA VITA E CATECHESI. LODE A DIO NEGLI ULTIMI. SITUAZIONE DI FATTO. GIOIA PRESENTE PASSIONE DEL FUTURO. DE ZAN R. GLORIA AL PADRE AL FIGLIO E ALLO SPIRITO SANTO. CIFRA DEL CRISTIANO. CLERICI A. GLORIA, UOMO VIVENTE. LAURITA R. RUPPI G. ADORAZIONE E LODE. IN TUTTE LE ETA'. NELLE PROVE. ANCHE I POVERI. IL GIORNALISTA. EUCARISTIA SACRIFICIO DI LODE. GES&#xD9; CRISTO UNICO SALVATORE. LETTERA AGLI ARTISTI. PERDONO DI DIO E NOSTRO. VOLONTARI GIUBILEO. INFORMAZIONE. </subfield>
  </datafield>
  <datafield tag="501" ind1=" " ind2=" ">
    <subfield code="a">Societ&#xE0; San Paolo EM - Piazza San Paolo, 14 - 12051 ALBA (CN)  (non commercial uses only) &#xAE; Copyright 2017</subfield>
  </datafield>
  <datafield tag="520" ind1=" " ind2=" ">
    <subfield code="a">LODE TRINIT&#xC0; NELLA VITA E CATECHESI. LODE A DIO NEGLI ULTIMI. SITUAZIONE DI FATTO. GIOIA PRESENTE PASSIONE DEL FUTURO. DE ZAN R. GLORIA AL PADRE AL FIGLIO E ALLO SPIRITO SANTO. CIFRA DEL CRISTIANO. CLERICI A. GLORIA, UOMO VIVENTE. LAURITA R. RUPPI G. ADORAZIONE E LODE. IN TUTTE LE ETA'. NELLE PROVE. ANCHE I POVERI. IL GIORNALISTA. EUCARISTIA SACRIFICIO DI LODE. GES&#xD9; CRISTO UNICO SALVATORE. LETTERA AGLI ARTISTI. PERDONO DI DIO E NOSTRO. VOLONTARI GIUBILEO. INFORMAZIONE. </subfield>
  </datafield>
  <datafield tag="650" ind1=" " ind2=" ">
    <subfield code="a">TEOLOGIA PASTORALE - CATECHESI</subfield>
  </datafield>
  <datafield tag="942" ind1=" " ind2=" ">
    <subfield code="c">CR</subfield>
  </datafield>
  <datafield tag="957" ind1=" " ind2=" ">
    <subfield code="7">1</subfield>
  </datafield>
  <datafield tag="999" ind1=" " ind2=" ">
    <subfield code="a">65584</subfield>
    <subfield code="b">NO</subfield>
    <subfield code="g">1</subfield>
    <subfield code="c">332280</subfield>
    <subfield code="d">332280</subfield>
  </datafield>
  <datafield tag="952" ind1=" " ind2=" ">
    <subfield code="0">0</subfield>
    <subfield code="1">0</subfield>
    <subfield code="4">0</subfield>
    <subfield code="6">R_050S3694</subfield>
    <subfield code="7">1</subfield>
    <subfield code="a">ALBA</subfield>
    <subfield code="b">ALBA</subfield>
    <subfield code="d">2017-01-16</subfield>
    <subfield code="l">0</subfield>
    <subfield code="o">R050-S3694</subfield>
    <subfield code="r">2017-01-16 00:00:00</subfield>
    <subfield code="w">2017-01-16</subfield>
    <subfield code="y">CR</subfield>
    <subfield code="z">(data import: 16 gennaio 2017) - By Epidotti, Vaglietti. </subfield>
  </datafield>
</record>
